000 00816nam a2200313Ia 4500
001 6874
005 20240113233945.0
007 ta
008 170602s1981 ii a g b000 u 465 u
040 _aCotton College,Assam
041 _aeng
082 _a338
_bAg 11 Ec
100 _aAgrawal, A.N. .
245 0 _aEconomic Planning /
_cA.N. Agrawal & Kundan Lal.
_hTextual Documents
250 _a2nd ed. /
260 _aNew Delhi :
_bVikas Publishing House Pvt. Ltd. ,
_c1981.
300 _axiii, 492p. :
_bill. ;
_c22cm .
504 _aIndex
653 _aEconomics
653 _aPlanning
653 _aEconomic Planning
653 _aPG-Economics
653 _aT/G-Economics
700 _aLal, Kundan .
942 _2ddc
_cBK
999 _c6861
_d6861